LEADER 01175nam 2200397 450 001 990000966260203316 010 $a88-07-80979-6 035 $a0096626 035 $aUSA010096626 035 $a(ALEPH)000096626USA01 035 $a0096626 100 $a20020218d1994----km-y0itay0103----ba 101 $aita 102 $aIT 105 $a||||||||001yy 200 1 $aAltri libertini$fPier Vittorio Tondelli 205 $a7.ed. 210 $aMilano$cFeltrinelli$d1994 215 $a195 p.$d18 cm 225 2 $aUniversale economica Feltrinelli$v979 410 $12001$aUniversale economica Feltrinelli$v979 461 1$1001-------$12001 676 $a853.914 700 1$aTONDELLI,$bPier Vittorio$0269240 801 0$aIT$bsalbc$gISBD 912 $a990000966260203316 951 $aVARIE COLL 21/979$b131818 LM$cVARIE COLL 951 $aVARIE COLL 21/979 BIS$b131819 LM$cVARIE COLL 951 $aVARIE COLL 21/979 A$b131820 LM$cVARIE COLL 959 $aBK 969 $aUMA 979 $aPATTY$b90$c20020218$lUSA01$h1545 979 $c20020403$lUSA01$h1739 979 $aPATRY$b90$c20040406$lUSA01$h1707 996 $aAltri libertini$9972850 997 $aUNISA LEADER 01044nam--2200337---450- 001 990003570790203316 005 20111003113403.0 035 $a000357079 035 $aUSA01000357079 035 $a(ALEPH)000357079USA01 035 $a000357079 100 $a20110928d1930----km-y0itay50------ba 101 0 $alat 102 $aIT 105 $ay|||||||001yy 200 1 $aMonumenta sapientiae$ethesaurus sententiarum$fin ordinem digessit, edidit, praefatus est Ernestus Curotto 210 $aAugustae Taurinorum [etc.]$cin aedibus societatis editricis internationalis$d1930 215 $a692 p.$d19 cm 606 0 $aAforismi 676 $a878.002 700 1$aCUROTTO,$bErnesto$0207711 801 0$aIT$bsalbc$gISBD 912 $a990003570790203316 951 $aXV.2.A. 400$b999 F.C.$cXV.2.A. 959 $aBK 969 $aCUOMO 979 $aDIONIGI$b90$c20110928$lUSA01$h1233 979 $aCHIARA$b90$c20110929$lUSA01$h0955 979 $aDIONIGI$b90$c20111003$lUSA01$h1134 996 $aMonumenta sapientiae$9977801 997 $aUNISA LEADER 03431nam 2200577 450 001 9910798247903321 005 20230126214045.0 010 $a1-4214-1957-2 035 $a(CKB)3710000000611579 035 $a(EBL)4439553 035 $a(OCoLC)944209765 035 $a(SSID)ssj0001630613 035 $a(PQKBManifestationID)16377698 035 $a(PQKBTitleCode)TC0001630613 035 $a(PQKBWorkID)14943000 035 $a(PQKB)10017120 035 $a(MiAaPQ)EBC4439553 035 $a(MdBmJHUP)muse51563 035 $a(Au-PeEL)EBL4439553 035 $a(CaPaEBR)ebr11175767 035 $a(EXLCZ)993710000000611579 100 $a20160623h20162016 uy 0 101 0 $aeng 135 $aur|n|---||||| 181 $ctxt 182 $cc 183 $acr 200 14$aThe Amish $ea concise introduction /$fSteven M. Nolt 210 1$aBaltimore, Maryland :$cJohns Hopkins University Press,$d2016. 210 4$dİ2016 215 $a1 online resource (153 p.) 225 1 $aYoung Center Books in Anabaptist and Pietist Studies 300 $aDescription based upon print version of record. 311 $a1-4214-1956-4 320 $aIncludes bibliographical references and index. 327 $a1. Meet the Amish -- 2. Amish roots -- 3. Living the old order -- 4. Community and church -- 5. Rumspringa : Amish gone wild? -- 6. Family and schooling -- 7. Work and technology -- 8. The Amish and their neighbors -- 9. Amish images in modern America -- Appendix A. Amish spirituality -- Appendix B. Related groups. 330 $aThere seems to be no end to our fascination with the Amish, a religious minority that has both placed itself outside the mainstream of American culture and flourished within it. Yet most people know very little about the nuanced relationship the Amish have with society or their own communities. Drawing on more than twenty years of fieldwork and collaborative research, Steven M. Nolt's The Amish: A Concise Introduction is a compact but richly detailed portrait of Amish life. In fewer than 150 pages, readers will come away with a clear understanding of the complexities of these simple people. Writing in engaging and accessible language, Nolt explains how the Amish at once operate within modern America and stand very much apart from the world. Arguing that Amish life is shaped equally by internal and external social, political, and economic contexts, Nolt explores Amish identity as emerging from a complex cultural negotiation with modernity. He takes on much-hyped topics such as Rumspringa and reveals the distinctive Amish approach to technology. He also explains how Amish principles stand in contrast to contemporary American values, including rational efficiency, large-scale organization, and Western notions of individuality. Authoritative, informative, and illustrated, this guide provides a vivid introduction to a way of life many find fascinating but few truly understand. 410 0$aYoung Center books in Anabaptist & Pietist studies. 606 $aAmish$zUnited States$xSocial life and customs 606 $aAmish$xHistory 615 0$aAmish$xSocial life and customs. 615 0$aAmish$xHistory. 676 $a289.7/3 700 $aNolt$b Steven M.$f1968-$01118391 801 0$bMiAaPQ 801 1$bMiAaPQ 801 2$bMiAaPQ 906 $aBOOK 912 $a9910798247903321 996 $aThe Amish$93813475 997 $aUNINA